000 01052nam a2200253 a 4500
001 86478
003 BD-RjUL
005 20260514121553.0
008 260514s2025 bg ||||| |||| 00| 0 ben d
020 _a9789843916204
035 _a(BD-RjUL)86478
040 _aBD-RjUL
_beng
_cBD-RjUL
041 _aben
082 _223
_a954.9205
_bUMS 2025
100 _aঊর্মি, তানিয়া
_918479
245 _aসেতারে স্বাধীনতার সুর :
_bবীর গেরিলাযোদ্ধা শহিদ হাফিজ /
_cতানিয়া ঊর্মি
260 _aঢাকা :
_bবাতিঘর,
_c২০২৫
300 _a২৩৮ পৃ. :
_bচিত্রসমূহ ;
_c২২ সেমি.
600 _aরহমান, সৈয়দ হাফিজুর
_918480
600 _aRahman, Syed Hafizur
_918481
651 _aBangladesh
_yLiberation war, 1971
_918482
651 _aবাংলাদেশ
_yমুক্তিযুদ্ধ, ১৯৭১
_918483
942 _2ddc
_cBK
999 _c86478
_d86478